Logo BPK

Biblioteka

Politechniki Koszalińskiej

Katalog Nakładów Rzeczowych nr 7-09. Rurociągi technologiczne i armatura / (Rekord nr 24109)

Szczegóły MARC
000 -ETYKIETA REKORDU
podpole kontrolne o stałej długości 00592nam a2200157 i 4500
001 - NUMER KONTROLNY REKORDU
pole kontrolne bg
040 ## - ŹRÓDŁO KATALOGOWANIA
Instytucja, która utworzyła rekord BPK
041 ## - KOD JĘZYKA
Kod języka tekstu pl
008 - POLE O STAŁEJ DŁUGOŚCI - DANE KONTROLNE
podpole kontrolne o stałej długości s pl f |000 0 pol
245 #0 - TYTUŁ/ODPOWIEDZIALNOŚĆ
Tytuł Katalog Nakładów Rzeczowych nr 7-09. Rurociągi technologiczne i armatura /
Pozostałe elementy strefy tytułu i oznaczenia odpowiedzialności Min. Budownictwa, Gospodarki Przestrzennej i Komunalnej ; [Centralny Ośr. Badawczo-Projektowy Konstrukcji Metalowych MOSTOSTAL]. Cz.2: Montaż rurociągów, kształtek i armatury.
254 ## - STREFA POSTACI ZAPISU MUZYCZNEGO
Określenie postaci zapisu muzycznego KNR7-09
260 ## - STREFA ADRESU WYDAWNICZEGO
Miejsce wydania Warszawa :
Nazwa wydawcy/dystrybutora Wydawnictwa Akcydensowe,
Data publikacji, dystrybucji/powstania dokumentu 1987.
650 #9 - HASŁO PRZEDMIOTOWE W FORMIE NAZWY OGÓLNEJ LUB JEDNOSTKOWEJ
Nazwa ogólna lub geograficzna rurociągi
650 #9 - HASŁO PRZEDMIOTOWE W FORMIE NAZWY OGÓLNEJ LUB JEDNOSTKOWEJ
Nazwa ogólna lub geograficzna montaż
856 ## - LOKALIZACJA I DOSTĘP DO ELEKTRONICZNYCH DOKUMENTÓW ZDALNYCH
Link (URL) http://koha.tu.koszalin.pl/cgi-bin/koha/opac-detail.pl?biblionumber=24109
Tekst linku Katalog online BPK
942 ## - DODATKOWE ELEMENTY (KOHA)
Typ dokumentu Katalog
Egzemplarze
Wycofany Status egzemplarza Uszkodzony Dostępność Lokalizacja stała Lokalizacja bieżąca Numer ubytku Sygnatura Kod kreskowy Typ dokumentu Miejsce przechowywania
  Egz. niedostępny   Niedostępny Biblioteka Politechniki Koszalińskiej Biblioteka Politechniki Koszalińskiej 2725 KC 2561 02034317 Katalog  
  Egz. niedostępny   Niedostępny Biblioteka Politechniki Koszalińskiej Biblioteka Politechniki Koszalińskiej 2726 KC 2562 02034324 Katalog  
      Dostępny Biblioteka Politechniki Koszalińskiej Biblioteka Politechniki Koszalińskiej   KC 2563 02034331 Katalog Wypożyczalnia BG
© 2023 Biblioteka Politechniki Koszalińskiej :: KOHA